00473nam a22001937a 4500003000500000005001700005008004100022010001000063011001000073035001000083040000900093082001600102100002400118245002900142260003900171300002000210650002600230700002300256CHAP20220329140324.0971013s1958 r 00010 d a50371 a51343 a55493 cCHAP a631.403bP500aPlaisance, Georges. aDictionaire des sols ... aParis :bLa Maison Rustique,c1958 a604 p.b: ilus.14aSuelosxDiccionarios.0 aCailleux, André.